000 00336nam a2200133Ia 4500
008 230917s9999||||xx |||||||||||||| ||und||
040 _e54619
_aMAIN
041 _aEnglish
082 _a823.8 C764S:C
100 _aConrad
245 0 _aConrad: almayer's felly to under Western eyes
260 _aLondon
_bMacmillan
_c1980
942 _cBK
999 _c216142
_d216142